The profession rules, OK (Record no. 66579)

MARC details
000 -LEADER
fixed length control field 00940cam a2200229 4500
001 - CONTROL NUMBER
control field ABS63760
008 - FIXED-LENGTH DATA ELEMENTS--GENERAL INFORMATION
fixed length control field 000000n2001 000 0 eng u
035 ## - SYSTEM CONTROL NUMBER
System control number (Sirsi) u111745
100 ## - MAIN ENTRY--PERSONAL NAME
Personal name Bingham, T.
245 #4 - TITLE STATEMENT
Title The profession rules, OK
260 ## - PUBLICATION, DISTRIBUTION, ETC.
Date of publication, distribution, etc. 2001
490 ## - SERIES STATEMENT
Series statement Building
Volume/sequential designation 266(8177) 23 March 2001, 50-51(2)
520 ## - SUMMARY, ETC.
Summary, etc. Welcomes the Office of Fair Trading's recent criticism of a number of professional bodies. Discusses, in particular, the private rules of the RIBA, which are coming under scrutiny. Questions whether these private rules exist to maintain standards, or keep competition out to the detriment of clients. Identifies a number of restrictive practices that need to be removed.
590 ## - LOCAL NOTE (RLIN)
Local note ABS
650 ## - SUBJECT ADDED ENTRY--TOPICAL TERM
Topical term or geographic name entry element OFT
650 ## - SUBJECT ADDED ENTRY--TOPICAL TERM
Topical term or geographic name entry element RIBA
650 ## - SUBJECT ADDED ENTRY--TOPICAL TERM
Topical term or geographic name entry element PROFESSIONAL BODIES
650 ## - SUBJECT ADDED ENTRY--TOPICAL TERM
Topical term or geographic name entry element STANDARDS
650 ## - SUBJECT ADDED ENTRY--TOPICAL TERM
Topical term or geographic name entry element COMPETITION
690 ## - LOCAL SUBJECT ADDED ENTRY--TOPICAL TERM (OCLC, RLIN)
Topical term or geographic name as entry element MANAGEMENT-BUSINESS MANAGEMENT-PROFESSIONAL PRACTICE
942 ## - ADDED ENTRY ELEMENTS (KOHA)
Suppress in OPAC 0
Holdings
Withdrawn status Lost status Source of classification or shelving scheme Damaged status Not for loan Home library Current library Shelving location Date acquired Total Checkouts Full call number Barcode Date last seen Copy number Price effective from Koha item type
    Dewey Decimal Classification     London London Journal article 02/04/2001   ABS63760 111745-1001 06/08/2019 1 06/08/2019 Journal article